[Event "Let's Play Chess!"]
[Site "http://www.queenalice.com/game.php?id=1580537"]
[Date "2019.8.19"]
[Round "-"]
[White "charles31"]
[Black "Ferro"]
[Result "0-1"]
[WhiteElo "1744"]
[BlackElo "2406"]

1. e4 e5 2. a3 Nf6 3. Nc3 c6 4. Bc4 d5 5. exd5 cxd5 6. Ba2 Nc6 7. d3 Be7 8. Bg5
Be6 9. h3 Qc7 10. Nf3 Rd8 11. g4 e4 12. dxe4 dxe4 13. Qe2 Bxa2 14. Nxa2 exf3 15.
Qxf3 O-O 16. Rd1 Rxd1+ 17. Kxd1 Rd8+ 18. Kc1 Ne5 19. Qe3 Nd5 20. Qxa7 Bxg5+ 21.
Kb1 Nc4 22. h4 Qe5 23. hxg5 Qxb2# 0-1

[Event "AUTO-ELITE-2133"]
[Site "http://www.queenalice.com/game.php?id=1581550"]
[Date "2019.8.27"]
[Round "2"]
[White "Ferro"]
[Black "Cuxtal"]
[Result "0-1"]
[WhiteElo "2395"]
[BlackElo "2696"]

1. e4 c6 2. d4 d5 3. Nc3 dxe4 4. Nxe4 Bf5 5. Ng3 Bg6 6. h4 h6 7. Nf3 Nd7 8. Bd3
Bxd3 9. Qxd3 e6 10. O-O Ngf6 11. Bf4 Be7 12. c4 O-O 13. Rad1 Qa5 0-1

[Event "AUTO-ELITE-2133"]
[Site "http://www.queenalice.com/game.php?id=1581551"]
[Date "2019.8.27"]
[Round "2"]
[White "Cuxtal"]
[Black "Ferro"]
[Result "1-0"]
[WhiteElo "2698"]
[BlackElo "2392"]

1. c4 e5 2. Nc3 Nf6 3. Nf3 Nc6 4. g3 d5 5. cxd5 Nxd5 6. Bg2 Nf6 7. O-O Be7 8. b4
a6 9. a3 O-O 10. Bb2 Bf5 11. d3 Qc8 12. Qc2 Be6 13. Na4 1-0

[Event "AUTO-ELITE-2133"]
[Site "http://www.queenalice.com/game.php?id=1581552"]
[Date "2019.8.27"]
[Round "2"]
[White "Ferro"]
[Black "RaulSoft"]
[Result "0-1"]
[WhiteElo "2389"]
[BlackElo "2484"]

1. e4 e6 2. d4 d5 3. Nd2 c5 4. Ngf3 Nf6 5. g3 dxe4 6. Ne5 cxd4 7. Bb5+ Bd7 8.
Nxd7 Nbxd7 9. O-O a6 10. Bc4 Ne5 11. Be2 Qd5 12. Re1 Rd8 13. c4 dxc3 14. bxc3
Qc6 15. Qc2 Bc5 16. Nb3 Ba7 0-1

[Event "AUTO-ELITE-2133"]
[Site "http://www.queenalice.com/game.php?id=1581553"]
[Date "2019.8.27"]
[Round "2"]
[White "RaulSoft"]
[Black "Ferro"]
[Result "1-0"]
[WhiteElo "2490"]
[BlackElo "2380"]

1. d4 Nf6 2. Nf3 d5 3. c4 e6 4. Nc3 c6 5. e3 Nbd7 6. Be2 Be7 7. O-O b6 8. b3 Bb7
9. Bb2 O-O 10. Bd3 h6 11. Qe2 Rc8 12. Ne5 c5 13. Rad1 cxd4 14. exd4 Bb4 15. a3
Bxc3 16. Bxc3 Re8 17. f4 Ne4 18. Bxe4 1-0

[Event "AUTO-OPEN-4168"]
[Site "http://www.queenalice.com/game.php?id=1610236"]
[Date "2020.5.1"]
[Round "1"]
[White "Ferro"]
[Black "Rafale2000"]
[Result "1-0"]
[WhiteElo "2357"]
[BlackElo "1947"]

1. e4 Nf6 2. e5 Nd5 3. d4 d6 4. Nf3 Bg4 5. Be2 c6 6. c4 Nb6 7. Qb3 c5 8. dxc5
dxc5 9. h3 Be6 10. O-O Nc6 11. Be3 Nd4 12. Nxd4 cxd4 13. Rd1 Rc8 14. Rxd4 Qc7
15. Nc3 Nxc4 16. Nb5 Qc5 17. Rc1 1-0

[Event "AUTO-OPEN-4168"]
[Site "http://www.queenalice.com/game.php?id=1610237"]
[Date "2020.5.1"]
[Round "1"]
[White "Rafale2000"]
[Black "Ferro"]
[Result "0-1"]
[WhiteElo "1922"]
[BlackElo "2358"]

1. e4 e5 2. Nf3 Nc6 3. d4 exd4 4. Bc4 Nf6 5. O-O Nxe4 6. Re1 d5 7. Bxd5 Qxd5 8.
Nc3 Qa5 9. Nxe4 Be6 10. Neg5 Be7 11. Nxe6 fxe6 12. Rxe6 O-O-O 13. Bd2 Qd5 14.
Re2 Rhf8 15. c3 dxc3 16. bxc3 Rxf3 17. gxf3 Rd6 18. Qe1 Qxf3 19. Rxe7 Rg6+ 20.
Kf1 Qd3+ 21. Qe2 Qh3+ 0-1

[Event "AUTO-OPEN-4168"]
[Site "http://www.queenalice.com/game.php?id=1610238"]
[Date "2020.5.1"]
[Round "1"]
[White "Ferro"]
[Black "CCapivara"]
[Result "1-0"]
[WhiteElo "2353"]
[BlackElo "2099"]

1. e4 d6 2. d4 Nf6 3. Nc3 c6 4. Nf3 Bg4 5. Be2 Nbd7 6. O-O e5 7. h3 Bh5 8. Qd3
Be7 9. Rd1 O-O 10. dxe5 Nxe5 11. Nxe5 dxe5 12. Bxh5 Nxh5 13. Qf3 Qc7 14. Qxh5
Rad8 15. Be3 Bb4 16. Ne2 Rxd1+ 17. Rxd1 Rd8 18. Rxd8+ Qxd8 19. Nc1 1-0

[Event "AUTO-OPEN-4168"]
[Site "http://www.queenalice.com/game.php?id=1610239"]
[Date "2020.5.1"]
[Round "1"]
[White "CCapivara"]
[Black "Ferro"]
[Result "0-1"]
[WhiteElo "2018"]
[BlackElo "2359"]

1. e4 e5 2. Nf3 Nc6 3. Bb5 Nf6 4. Bxc6 bxc6 5. Nxe5 Qe7 6. d4 d6 7. Nxc6 Qxe4+
8. Qe2 Qxe2+ 9. Kxe2 Ba6+ 10. Kd1 Bb7 11. Re1+ Kd7 12. Na5 Bxg2 13. Bg5 Bf3+ 14.
Kc1 Ne4 15. Be3 g6 16. Nd2 Nxd2 17. Kxd2 Bg7 18. c3 Rae8 19. Bf4 Rxe1 20. Rxe1
h6 21. b4 g5 22. Be3 f5 23. Kd3 Be4+ 24. Kc4 f4 25. Bd2 d5+ 26. Kb3 Re8 27. Kb2
c6 28. Nb3 Bf8 29. a4 Bd3 30. Rxe8 Kxe8 31. Nc1 Bf5 32. Kb3 f3 33. c4 Bd6 0-1

[Event "AUTO-OPEN-4168"]
[Site "http://www.queenalice.com/game.php?id=1610240"]
[Date "2020.5.1"]
[Round "1"]
[White "Ferro"]
[Black "josebaron"]
[Result "1/2-1/2"]
[WhiteElo "2361"]
[BlackElo "2441"]

1. e4 e5 2. Nf3 Nc6 3. Bb5 d6 4. d4 exd4 5. Nxd4 Bd7 6. O-O Be7 7. Nc3 Nf6 8.
Re1 Nxd4 9. Bxd7+ Nxd7 10. Qxd4 O-O 11. Nd5 a5 12. Nxe7+ Qxe7 13. a4 Qe5 14.
Qxe5 dxe5 15. Be3 Rfd8 16. Rad1 Nf6 17. f3 Kf8 18. Kf2 Ke7 19. b3 Ra6 20. Bc5+
Ke8 21. Rxd8+ Kxd8 22. Rd1+ Nd7 23. Ba3 Rc6 24. Rd2 h5 25. h4 Ke8 26. Ke2 Nf8
27. Bxf8 Kxf8 28. Kd3 Ke7 29. c3 Rf6 30. b4 Ra6 31. Ra2 g6 32. Kc4 Rc6+ 33. Kb3
axb4 34. cxb4 Rc1 35. Rc2 Rb1+ 36. Ka2 Rxb4 37. Rxc7+ Ke6 38. Ka3 Rb1 39. Rc4
Ra1+ 40. Kb2 Rg1 41. Rb4 Rxg2+ 42. Ka3 Rd2 43. Rxb7 Rd3+ 1/2-1/2

[Event "AUTO-OPEN-4168"]
[Site "http://www.queenalice.com/game.php?id=1610241"]
[Date "2020.5.1"]
[Round "1"]
[White "josebaron"]
[Black "Ferro"]
[Result "1/2-1/2"]
[WhiteElo "2439"]
[BlackElo "2363"]

1. e4 e5 2. Bc4 Nc6 3. Nf3 Nf6 4. Nc3 Bc5 5. O-O O-O 6. d3 d6 7. Na4 Bb6 8. a3
Bd7 9. Nxb6 axb6 10. Bd2 Ne7 11. Bb3 b5 12. Bg5 Ng6 13. Nh4 Nf4 14. Qf3 h6 15.
Bxf4 Bg4 16. Qe3 exf4 17. Qxf4 g5 18. Qd2 gxh4 19. Qxh6 Be6 20. Qg5+ Kh8 21.
Qxh4+ Nh7 22. Qxd8 Raxd8 23. Bxe6 fxe6 24. a4 b4 25. a5 Ra8 26. Rfc1 e5 27. h4
Rf7 28. Ra4 c5 29. Rca1 Ra6 30. c3 bxc3 31. bxc3 Nf8 32. Rb1 Ne6 33. g3 Kg7 34.
Rb5 Kf6 35. f3 Rd7 36. Kf2 Rc6 37. Ke3 Rc8 38. Rb6 Ra8 39. Ra1 Rg8 40. Kf2 Rdg7
41. Rxd6 Rxg3 42. Rb1 Rg2+ 43. Ke3 Ra2 44. Rbb6 Re8 45. Rxb7 Rxa5 1/2-1/2

[Event "AUTO-OPEN-4168"]
[Site "http://www.queenalice.com/game.php?id=1630302"]
[Date "2020.10.19"]
[Round "2"]
[White "attachui"]
[Black "Ferro"]
[Result "1-0"]
[WhiteElo "2083"]
[BlackElo "2325"]

1. d4 Nf6 2. c4 e6 3. Nc3 Bb4 4. Qc2 d5 5. Bd2 O-O 6. Nf3 c5 7. a3 Bxc3 8. Bxc3
cxd4 9. Nxd4 Nc6 10. e3 Bd7 11. b4 Nxd4 12. Bxd4 dxc4 13. Bxc4 Rc8 14. Qa2 Qc7
15. Bb3 Bb5 16. a4 Bc4 17. Bxc4 Qxc4 18. Qxc4 Rxc4 19. Bxa7 Ra8 20. Bc5 Ne4 21.
O-O Nxc5 22. bxc5 Rxc5 23. Rfb1 Rac8 24. a5 h5 25. g3 1-0

[Event "AUTO-OPEN-4168"]
[Site "http://www.queenalice.com/game.php?id=1630303"]
[Date "2020.10.19"]
[Round "2"]
[White "Ferro"]
[Black "attachui"]
[Result "0-1"]
[WhiteElo "2346"]
[BlackElo "2055"]

1. e4 c5 2. Nf3 d6 3. d4 cxd4 4. Nxd4 Nf6 5. Nc3 a6 6. Be2 e5 7. Nb3 Nc6 8. Be3
Be6 9. O-O Be7 10. f4 b5 11. f5 Bxb3 12. cxb3 b4 13. Nd5 Nxd5 14. Qxd5 Qd7 15.
Rac1 Rc8 16. Bxa6 O-O 17. Bxc8 Rxc8 18. Rc4 Nd4 19. Bxd4 exd4 20. Rxc8+ Qxc8 21.
Qxd4 Qb7 22. Rc1 h6 23. g3 Bf6 24. Rc2 Bxd4+ 0-1

[Event "AUTO-OPEN-4168"]
[Site "http://www.queenalice.com/game.php?id=1630308"]
[Date "2020.10.19"]
[Round "2"]
[White "Scharlatan"]
[Black "Ferro"]
[Result "1-0"]
[WhiteElo "1983"]
[BlackElo "2369"]

1. e4 e5 2. Nf3 Nc6 3. Bb5 a6 4. Ba4 Nf6 5. O-O Be7 6. Re1 O-O 7. Bxc6 bxc6 8.
Nxe5 Bb7 9. d4 d6 10. Nf3 d5 11. e5 Ne4 12. Nbd2 Nxd2 13. Bxd2 c5 14. c3 cxd4
15. cxd4 c5 16. Bc3 Rc8 17. dxc5 Rxc5 18. Qe2 Bc8 19. Nd4 a5 20. e6 f6 21. f4
Re8 22. f5 Bd6 23. Qg4 Re7 24. Re3 Be5 25. Rae1 a4 26. Rh3 a3 27. Qh4 h6 28. Qg4
1-0

[Event "AUTO-OPEN-4168"]
[Site "http://www.queenalice.com/game.php?id=1630309"]
[Date "2020.10.19"]
[Round "2"]
[White "Ferro"]
[Black "Scharlatan"]
[Result "1-0"]
[WhiteElo "2365"]
[BlackElo "2091"]

1. e4 c5 2. Nf3 d6 3. d4 cxd4 4. Nxd4 Nf6 5. Nc3 Nc6 6. Bb5 Bd7 7. O-O g6 8.
Nxc6 Bxc6 9. Re1 Bg7 10. Bf4 O-O 11. Bxc6 bxc6 12. Qd2 Rb8 13. Rab1 Qa5 14. Nd5
Qxd2 15. Nxe7+ 1-0

[Event "AUTO-ELITE-2348"]
[Site "http://www.queenalice.com/game.php?id=1765122"]
[Date "2021.7.23"]
[Round "1"]
[White "Donidon"]
[Black "Ferro"]
[Result "1-0"]
[WhiteElo "2296"]
[BlackElo "2271"]

1. e4 e5 2. Nf3 Nc6 3. Bc4 Nf6 4. d3 Bc5 5. O-O d6 6. Nc3 Bg4 7. h3 Bxf3 8. Qxf3
Nd4 9. Qd1 O-O 10. Bg5 Re8 11. Nd5 Ne6 12. Bxf6 gxf6 13. Qf3 Kg7 14. Ne3 Bxe3
15. fxe3 Qe7 16. Qg4+ Kh8 17. Qf5 Rg8 18. Qxf6+ Qxf6 19. Rxf6 1-0

[Event "AUTO-ELITE-2348"]
[Site "http://www.queenalice.com/game.php?id=1765123"]
[Date "2021.7.23"]
[Round "1"]
[White "Ferro"]
[Black "Donidon"]
[Result "0-1"]
[WhiteElo "2283"]
[BlackElo "2284"]

1. e4 c5 2. Nf3 Nc6 3. d4 cxd4 4. Nxd4 d6 5. Nc3 Nf6 6. Be2 g6 7. Be3 Bg7 8. O-O
O-O 9. Qd2 e5 10. Ndb5 Be6 11. Qxd6 Qxd6 12. Nxd6 b6 13. Ndb5 Rfc8 14. Rfd1 Ne8
15. Nd6 Nxd6 16. Rxd6 Bf8 17. Rd2 Bb4 18. a3 Bxc3 19. bxc3 Na5 0-1

[Event "AUTO-ELITE-2348"]
[Site "http://www.queenalice.com/game.php?id=1765128"]
[Date "2021.7.23"]
[Round "1"]
[White "BEBADO"]
[Black "Ferro"]
[Result "1-0"]
[WhiteElo "2323"]
[BlackElo "2294"]

1. d4 Nf6 2. c4 e6 3. Nc3 Bb4 4. Bg5 c5 5. d5 O-O 6. Qd2 exd5 7. cxd5 d6 8. e3
h6 9. Bxf6 Qxf6 10. Bd3 Nd7 11. Nge2 Ne5 12. O-O Nxd3 13. Qxd3 a6 14. a3 Ba5 15.
e4 b5 16. Rab1 Bd7 17. b4 c4 18. Qg3 Bc7 19. Qf4 1-0

[Event "AUTO-ELITE-2348"]
[Site "http://www.queenalice.com/game.php?id=1765129"]
[Date "2021.7.23"]
[Round "1"]
[White "Ferro"]
[Black "BEBADO"]
[Result "0-1"]
[WhiteElo "2306"]
[BlackElo "2311"]

1. e4 c5 2. Nf3 Nc6 3. d4 cxd4 4. Nxd4 Nf6 5. Nc3 e5 6. Ndb5 d6 7. Bg5 a6 8. Na3
b5 9. Nd5 Be7 10. Bxf6 Bxf6 11. c3 Ne7 12. Nxf6+ gxf6 13. Bd3 Bb7 14. Nc2 d5 15.
exd5 Qxd5 16. Ne3 Qe6 17. O-O f5 18. Qh5 f4 19. Nf5 Rg8 20. f3 O-O-O 21. Nxe7+
Qxe7 22. Qf5+ Kb8 23. Be4 Rd2 0-1